000 00474nam a2200169Ia 4500
003 LDD
008 190117s9999 xx 000 0 und d
020 _c₹150
040 _cLDD
041 _ahi
082 _a8h1.09 प्र39262ना
100 _aप्रणय
245 0 _aनागार्जुन की सामाजिक चेतना
_cप्रणय
260 _aदिल्ली
_bयात्री
_c1995
300 _a175
942 _2ddc
_cH
999 _c163739
_d163739